Guess The Brand! #8 - Statistics

General Stats
  • This quiz has been taken 67 times
  • The average score is 35 of 70
Answer Stats
Picture Hint Answer % Correct
Warner ___ Warner Bros
91%
T______ll Taco Bell
89%
Sp___ify Spotify
85%
T__ s__ry Toy Story
81%
C__cs Crocs
80%
L___s Lexus
76%
S____ru Subaru
76%
Abarth
74%
O__ve G___n Olive Garden
74%
C___ola Crayola
72%
A__C ACDC
70%
I__cr_____es Incredibles
70%
U__er A____r Under Armour
70%
Ac___ Acura
69%
In_____ti Infiniti
69%
Otis
69%
The Cheesecake Factory
69%
Br__n Braun
67%
Ban_ __ ___ica Bank Of America
65%
C__t_o Costco
65%
Kingston
65%
The B______ The Beatles
63%
K__x K'nex
61%
K Swiss
61%
Fr___es Friskies
59%
Ch__e Chase
57%
Y__p Yelp
57%
Z___iac Zodiac
57%
Festina
56%
Cl_____ Clorox
54%
C___ssi Cressi
52%
G___ro Gopro
52%
I_F IMF
50%
A_ Jaz___ Al Jazeera
48%
Tur___ A_____ Turkish Airlines
48%
D___n B___ Dragon Ball
46%
Mit
46%
E____car Europcar
44%
Ve__ Veet
44%
Cirq__ D_ S___eil Cirque Du Soleil
43%
Na___q Nasdaq
43%
Pl__s_ool Playskool
43%
C_et Cnet
41%
Lo______e Loctite
41%
S_____________ Steelcase
41%
V___a Vespa
41%
K_M KTM
39%
W__dp___s Wordpress
39%
E__ Elf
37%
H__b__ife Herbalife
37%
Dai_____ Daihatsu
35%
I__s Ibis
35%
K____mi Konami
35%
P___ade Powerade
35%
T_pp___a_e Tupperware
35%
G________i Granini
33%
S____ite Samsonite
33%
Eastpak
31%
En_l Enel
30%
P____co Pepsico
30%
S__r__r Starter
30%
O_iv__ti Olivetti
28%
Thyssenkrupp
28%
E____port Eurosport
26%
S____m_no Shimano
26%
D__mc__t Dreamcast
24%
P___ Ph____pe Patek Philippe
24%
Da__in Daikin
22%
Ra__s__nd Randstand
22%
Or__a Orbea
19%
No matching quizzes found
Score Distribution
Percent of People with Each Score
Percentile by Number Answered
Your Score History
You have not taken this quiz